MDQL
is popping MORE tags! Check the
thread
!
Quizzes
Events
Quiz Creation
Community
Videos
Private Events
Remove Ads
Sign In
Join for FREE
Feedback
Dark Mode
Quiz Categories
Sports
Geography
Music
Movies
Television
Just For Fun
Miscellaneous
History
Literature
Language
Science
Gaming
Entertainment
Religion
Holiday
For Kids
Quiz Lab
Recent
Popular Today
Quiz Kudos Today
Editor Picks
Curator Picks
Quizzes by...
Day
Popularity
Type
Ratings
Length
Year
Community
Subscriptions
Recent Discussions
Orange Saloon
Badges
Playlists
Quests
Create
Leaderboards
Showdown
Live 5
Trivia Bingo
Activity
Puzzle Library
Sporcle Events
Private Events
Virtual Trivia
Globe League
Become a Host
Pub Owners
SporcleCon
Opinionation
Our Games
Videos
Blog
Mobile Apps
Partnerships
Remove Ads and Go Orange
Feedback
Sports
Athletes
MLB
NBA
NHL
NFL
Soccer
Sports Teams
WWE
NCAA
Football
Premier League
Basketball
Baseball
Hockey
Golf
Tennis
Cricket
Rugby
Auto Racing
Olympics
World Cup
Sports
Athletes
MLB
NBA
NHL
NFL
Soccer
Sports Teams
WWE
NCAA
Football
Premier League
Basketball
Baseball
Hockey
Golf
Tennis
Cricket
Rugby
Auto Racing
Olympics
World Cup
Random Quiz
Search Sporcle
×
Quiz Lab
Quiz Lab
Sports
defunct
Type in answers that appear in a list
Type in answers that appear in a list
Classic
Best Score? Go Orange.
Defunct WVC nicknames Stats
Can you name the Defunct WVC nicknames?
By
jreeser
10m
21 Questions
21 Plays
21 Plays
21 Plays
Comments
Comments
Give Quiz Kudos
Give Quiz Kudos
-
- Ratings
hide this ad
Replay
Link that replays current quiz
Next Quiz
Link to next quiz in quiz playlist
You Got
0%
They Got
Avg Score
46%
Avg Friend Score
Upgrade to see
Score Distribution
Jump to the score distribution portion of the page
Score
0/21
Timer
10:00
0
Plays Today
Hint
Answer
% Correct
Bishop Hoban
Argents
81%
Nanticoke
Rams
76.2%
West Pittston
Rams
76.2%
Edwardsville
Eagles
66.7%
Larksville
Green Wave
66.7%
Bishop O'Reilly
Queensmen
61.9%
Swoyersville
Sailors
61.9%
Kingston
Huskies
57.1%
Luzerne
Lions
57.1%
Exeter
Panthers
52.4%
Forty Fort
Flyers
52.4%
Hint
Answer
% Correct
Pittston
Panthers
52.4%
Hazleton
Mountaineers
38.1%
Plymouth
Shawnee Indians
38.1%
Ashley
Rockets
28.6%
Newport
Nutcrackers
28.6%
Avoca
Buffalos
19%
Wilkes-
Barre Township
Braves
19%
Dupont
Coal Crackers
14.3%
Dallas Township
Redskins
9.5%
Pittston Township
Mighty Mites
9.5%
Quiz Playlist
Details
Report
Send in Message
Add To Playlist
Classic:
Type in answers that appear in a list
Last Updated: Feb 16, 2017
Quiz Scoreboard
CHALLENGE
Sign Up to Join the Scoreboard
Show All
Scores
Hide
Comments
May contain spoilers
Recently Published
1-10 Letter E Words III
by El_Dandy
Language
2m
Street Fighter Characters
by Artimus82
Gaming
60s
College Basketball Coaching Resumes
by pancakes188
Sports
9m
More to Explore
Quiz From the Vault
Featured Blog Post
Where Did the Easter Bunny Come From?
hide this ad
You Might Also Like...
Tags
defunct
nickname
Today's Top Quizzes in Sports
Browse Sports
hide this ad
Today's Top Quizzes in defunct
Browse defunct
Top Contributed Quizzes in Sports
1
2022 World Cup Stars
2
Les meilleurs buteurs des matchs entre le PSG et l’OM
3
FIFA Club World Cup Champions
4
Les entraîneurs de l'OM et du PSG au 21e siècle
5
Criteria MLB: Left Handed Sluggers
6
2023 MLB Unique Player Accomplishments
7
AFC Teams Reveal (Wrong Answers Minefield)
8
Players with Multiple 50 Home Run Seasons
9
5-to-1: FBS Animal Nicknames
10
5-to-1: UK Sports Teams
Explore More
Trending Topics
Kpop
Anime
NBA
Crossword
Marvel
Disney
Harry Potter
The Office
Pokémon
Song
Puzzle
Country
Soccer
NFL
WWE
hide this ad
More By:
jreeser
Quiz
Plays
Rating
Category
Featured
Created
WVC football legends
29
Sports
Oct 1, 2015
Defunct WVC nicknames
21
Sports
Oct 29, 2015
Eastern Conference champs from Luzerne County
20
Sports
Nov 4, 2015
Winningest PA football teams
14
1.00
Sports
Oct 8, 2015
WVC stadium names
14
Sports
Sep 2, 2015
Go to Creator's Profile
Score Distribution
Quiz Creator Spotlight
jreeser
Follow
Send a Message
Quizzes Created
-
Created Quiz Play Count
-
More By This Creator
Popular Quizzes Today
1
Find the US States - No Outlines Minefield
2
Find the Countries of Europe - No Outlines Minefield
3
The Countries of the World
4
Find the US States
5
Risky Map Clicking: Biggest States A-Z
6
US States
7
Popular People in 1961
8
Movies - When Are They Set?
More Sports Quizzes
Los Angeles Kings Stanley Cup Finals Opponent
Curator's Pick
Trending Quizzes
Risky Map Clicking: Least Populous States A-Z
USA Borders Longest to Shortest
1-10 Letter G Words
1-10 Letter F Words
Countries of the World: 200 Million BC
Recently Updated
Leaping Animals
pecheneg
Reality TV Shows (A-Z)
bhenderson79
Rickey Henderson's Hall of Fame Teammates
pecheneg
Champions League XIs: Arsenal
pecheneg
Quick Pick: Celebrities in WWE's Hall of Fame
aduchscher
A-Z Keypad Blitz II
pecheneg
Multiple Oscar Actors
pecheneg
Mystery Phrase Blitz: Oscar 'Best Actors'
pecheneg
F. Scott Fitzgerald Novels
LTH
Pick 3 Villains
ddd62291
Trending Topics
Crossword
Marvel
Kpop
Anime
Disney
NBA
Harry Potter
Puzzle
Song
The Office
NFL
Pokémon
WWE
Soccer
Country
Your Account Isn't Verified!
In order to create a playlist on Sporcle, you need to verify the email address you used during registration. Go to your
Sporcle Settings
to finish the process.
Report this User
Report this user for behavior that violates our
Community Guidelines
.
Details:
Send Report
Go to the Sporcle.com Mobile Site →
Comments